[Event "Zagreb Hulak Memorial op 4th"]
[Site "Zagreb"]
[Date "2019.12.14"]
[Round "9"]
[White "Stany, George Anthony"]
[Black "Jurkovic, Ante"]
[Result "1-0"]
[WhiteElo "2526"]
[BlackElo "2274"]
[PlyCount "75"]
[EventDate "2019.12.07"]
[EventType "swiss"]
[EventRounds "9"]
[EventCountry "CRO"]
[SourceTitle "CBM 193 Extra"]
[Source "ChessBase"]
[SourceDate "2020.01.31"]
[SourceVersion "1"]
[SourceVersionDate "2020.01.31"]
[SourceQuality "1"]

1. e4 e6 2. d4 d5 3. Nd2 c5 4. exd5 exd5 5. Ngf3 Nc6 6. Bb5 Bd6 7. dxc5 Bxc5 8. 0-0 Nge7 9. Nb3 Bd6 10. h3 0-0 11. Re1 Nf5 12. c3 h6 13. Ba4 Bc7 14. Nc5 d4 15. Bxc6 bxc6 16. cxd4 Qd5 17. b3 Rd8 18. Bb2 Bf4 19. Re4 Bd6 20. Qe2 Bxc5 21. Re5 Qd6 22. dxc5 Qd3 23. g4 f6 24. Re8+ Kf7 25. gxf5 Qxe2 26. Rxe2 Bxf5 27. Kg2 Rd5 28. Rae1 Kf8 29. Nd4 Bd7 30. h4 Rb8 31. Ne6+ Kg8 32. Nc7 Rd3 33. Ba3 Rd4 34. Re7 Rd2 35. Bc1 Rd3 36. Ne6 g5 37. hxg5 hxg5 38. Rg7+ 1-0

[Event "Zagreb Hulak Memorial op 4th"]
[Site "Zagreb"]
[Date "2019.12.08"]
[Round "3"]
[White "Ivekovic, Bozidar1"]
[Black "Jurkovic, Ante"]
[Result "1-0"]
[WhiteElo "2406"]
[BlackElo "2274"]
[PlyCount "131"]
[EventDate "2019.12.07"]
[EventType "swiss"]
[EventRounds "9"]
[EventCountry "CRO"]
[SourceTitle "CBM 193 Extra"]
[Source "ChessBase"]
[SourceDate "2020.01.31"]
[SourceVersion "1"]
[SourceVersionDate "2020.01.31"]
[SourceQuality "1"]

1. Nf3 d6 2. d4 Nf6 3. c4 Bg4 4. Nc3 Nbd7 5. e4 e5 6. Be2 g6 7. 0-0 exd4 8. Nxd4 Bxe2 9. Qxe2 Bg7 10. Bg5 0-0 11. Rad1 c6 12. Nf3 Qe7 13. Qd2 Ne5 14. Nxe5 dxe5 15. Qd6 Qxd6 16. Rxd6 Nh5 17. Rd7 Rfb8 18. Rfd1 Nf4 19. Be7 b5 20. cxb5 cxb5 21. Nd5 Rc8 22. Nc7 Rab8 23. Na6 Ra8 24. Rb7 Rc4 25. Rxb5 Rxe4 26. g3 Ne6 27. b4 Rd4 28. Rb1 Rd7 29. Bc5 Nd4 30. Ra5 Rc8 31. Kg2 f5 32. b5 Ne6 33. b6 axb6 34. Bxb6 Rc2 35. Nb4 Rcd2 36. Ra8+ Kf7 37. a4 e4 38. Be3 Rd1 39. Rxd1 Rxd1 40. Ra7+ Ke8 41. Nc6 Rd6 42. Nb4 Bd4 43. Bxd4 Rxd4 44. Nc6 Rd6 45. Ne5 Rd5 46. Nc4 Rd7 47. Rxd7 Kxd7 48. f3 Kc6 49. fxe4 fxe4 50. Kf2 Kc5 51. Nd2 Kd4 52. Ke2 Nc5 53. a5 Na6 54. Nf1 Nc7 55. Ne3 Kc5 56. Ng4 Nd5 57. Nf2 Kb5 58. Nxe4 Kxa5 59. Kd3 Kb6 60. Kd4 Kc6 61. Ke5 Ne3 62. h3 Kd7 63. Kf6 Nd5+ 64. Kf7 Kd8 65. Nf6 h5 66. Nxd5 1-0

[Event "Zagreb Damjanovic Memorial 2nd"]
[Site "Zagreb"]
[Date "2018.07.20"]
[Round "5"]
[White "Jurkovic, Ante"]
[Black "Pandurevic, Miro"]
[Result "1/2-1/2"]
[WhiteElo "2284"]
[BlackElo "2286"]
[PlyCount "58"]
[EventDate "2018.07.16"]
[EventType "swiss"]
[EventRounds "9"]
[EventCountry "CRO"]
[SourceTitle "EXT 2019"]
[Source "ChessBase"]
[SourceDate "2018.10.10"]
[SourceVersion "1"]
[SourceVersionDate "2018.10.10"]
[SourceQuality "1"]

1. e4 c6 2. Nf3 d5 3. Nc3 Nf6 4. e5 Ne4 5. Be2 h6 6. 0-0 g5 7. d4 Bf5 8. Be3 Na6 9. Nxe4 dxe4 10. Nd2 Nc7 11. c4 Ne6 12. Nb3 Nf4 13. Bg4 Qc8 14. Bxf5 Qxf5 15. f3 e6 16. Nd2 exf3 17. Qxf3 0-0-0 18. Nb3 c5 19. Rad1 f6 20. exf6 Qxf6 21. dxc5 Rh7 22. c6 e5 23. cxb7+ Rxb7 24. Na5 Rxb2 25. Qa8+ Kc7 26. Qxa7+ Kc8 27. Rxd8+ Qxd8 28. Qa6+ Kc7 29. Qa7+ Kc8 1/2-1/2

[Event "Zagreb Damjanovic Memorial 2nd"]
[Site "Zagreb"]
[Date "2018.07.18"]
[Round "3"]
[White "Jurkovic, Ante"]
[Black "Rogulj, Branko"]
[Result "1/2-1/2"]
[WhiteElo "2284"]
[BlackElo "2414"]
[PlyCount "86"]
[EventDate "2018.07.16"]
[EventType "swiss"]
[EventRounds "9"]
[EventCountry "CRO"]
[SourceTitle "EXT 2019"]
[Source "ChessBase"]
[SourceDate "2018.10.10"]
[SourceVersion "1"]
[SourceVersionDate "2018.10.10"]
[SourceQuality "1"]

1. e4 e5 2. Nf3 Nc6 3. Bb5 Nf6 4. d3 d6 5. c3 g6 6. 0-0 Bg7 7. Re1 0-0 8. Nbd2 Bd7 9. Nf1 h6 10. Ng3 Na5 11. Bxd7 Nxd7 12. d4 Nc6 13. Qd3 Nb6 14. dxe5 dxe5 15. Qxd8 Raxd8 16. b3 Rd3 17. Ba3 Rfd8 18. Rac1 h5 19. Rc2 Bh6 20. Bc1 Bxc1 21. Rcxc1 a5 22. Kf1 a4 23. Ke2 axb3 24. axb3 f6 25. Red1 Rxd1 26. Rxd1 Ra8 27. Nf1 Ra2+ 28. Rd2 Ra3 29. Rb2 Kf7 30. Ne3 Ke6 31. Nd2 Ra1 32. Ndc4 Nxc4 33. Nxc4 f5 34. Nd2 Rc1 35. Kd3 Re1 36. Ra2 Rg1 37. g3 f4 38. Nf3 fxg3 39. fxg3 Rd1+ 40. Ke3 Rc1 41. Kd3 Rd1+ 42. Nd2 Rh1 43. Nf3 Rb1 1/2-1/2

[Event "Zagreb Hulak Memorial op 2nd"]
[Site "Zagreb"]
[Date "2017.12.05"]
[Round "7"]
[White "Spasov, Vasil"]
[Black "Jurkovic, Ante"]
[Result "1-0"]
[WhiteElo "2493"]
[BlackElo "2286"]
[PlyCount "119"]
[EventDate "2017.11.30"]
[EventType "swiss"]
[EventRounds "9"]
[EventCountry "CRO"]
[SourceTitle "EXT 2019"]
[Source "ChessBase"]
[SourceDate "2018.10.10"]
[SourceVersion "1"]
[SourceVersionDate "2018.10.10"]
[SourceQuality "1"]

1. e4 e6 2. d4 d5 3. Nd2 Be7 4. Ngf3 Nf6 5. e5 Nfd7 6. c3 c5 7. Bd3 Nc6 8. 0-0 a5 9. a4 cxd4 10. cxd4 Nb4 11. Bb5 0-0 12. Nb1 Nb6 13. Re1 Bd7 14. Bf1 Rc8 15. Nc3 Kh8 16. g3 g5 17. h3 Rg8 18. Nh2 Qf8 19. Re3 Rg6 20. b3 Na8 21. Bd2 Nc7 22. Rc1 Ne8 23. Nb5 Rxc1 24. Qxc1 Rg8 25. Rf3 Qg7 26. Qd1 f5 27. exf6 Nxf6 28. Re3 Ne4 29. Be1 Bxb5 30. Bxb5 Bf6 31. Nf3 Rc8 32. Re2 Qc7 33. Kg2 Kg7 34. Bxb4 axb4 35. Qe1 Qd6 36. Bd3 Rc3 37. Rxe4 dxe4 38. Qxe4 Kf8 39. Bc4 Qc6 40. d5 exd5 41. Bxd5 Qd6 42. Bxb7 Qe7 43. Nd2 Kg7 44. Bd5 Qxe4+ 45. Nxe4 Rc2 46. Kf3 h6 47. Ke3 Bd8 48. Kd3 Rc1 49. f4 gxf4 50. gxf4 Kg6 51. Be6 Bf6 52. Kd2 Ra1 53. f5+ Kg7 54. Nc5 Be7 55. Nd7 Bf6 56. Kc2 Rh1 57. Kd3 Rc1 58. Nb6 Rc3+ 59. Ke4 Rxh3 60. a5 1-0

[Event "CRO-chT2 West"]
[Site "Croatia"]
[Date "2017.03.26"]
[Round "3.2"]
[White "Jurkovic, Ante"]
[Black "Krsnik Cohar, Ivan Vihor"]
[Result "1/2-1/2"]
[WhiteElo "2283"]
[BlackElo "2318"]
[PlyCount "89"]
[EventDate "2017.03.25"]
[EventType "team-tourn"]
[EventRounds "9"]
[EventCountry "CRO"]
[SourceTitle "EXT 2020"]
[Source "ChessBase"]
[SourceDate "2019.10.17"]
[SourceVersion "1"]
[SourceVersionDate "2019.10.17"]
[SourceQuality "1"]

1. Nf3 d5 2. d3 Bg4 3. Nbd2 e6 4. e4 c6 5. Be2 Nd7 6. 0-0 dxe4 7. dxe4 Ngf6 8. Ne1 Bxe2 9. Qxe2 Qc7 10. Nd3 Ne5 11. Nf3 Bd6 12. Nfxe5 Bxe5 13. f4 Bd4+ 14. Kh1 0-0-0 15. c3 Bb6 16. Be3 Bxe3 17. Qxe3 Qb6 18. Qxb6 axb6 19. Ne5 Rhf8 20. Rae1 Kc7 21. Kg1 Ne8 22. Rf2 Nd6 23. Rfe2 f6 24. Nf3 Nc4 25. b3 Na3 26. Nd4 Rfe8 27. f5 exf5 28. exf5 Rxe2 29. Rxe2 Rd7 30. Ne6+ Kb8 31. Kf2 Nb5 32. c4 Nd6 33. g4 g6 34. fxg6 hxg6 35. Nf8 Rg7 36. Re6 Kc7 37. Kf3 f5 38. g5 Ne4 39. h4 Rg8 40. Nxg6 Kd7 41. Nf4 Rxg5 42. Rg6 Rxg6 43. Nxg6 Ke6 44. Ke3 Nc3 45. a4 1/2-1/2

[Event "Zagreb Damjanovic Memorial 1st"]
[Site "Zagreb"]
[Date "2016.11.12"]
[Round "4"]
[White "Jelecevic, Ivo"]
[Black "Jurkovic, Ante"]
[Result "1/2-1/2"]
[WhiteElo "2160"]
[BlackElo "2276"]
[PlyCount "101"]
[EventDate "2016.11.10"]
[EventType "swiss"]
[EventRounds "9"]
[EventCountry "CRO"]
[SourceTitle "CBM 175 Extra"]
[Source "ChessBase"]
[SourceDate "2016.12.12"]
[SourceVersion "1"]
[SourceVersionDate "2016.12.12"]
[SourceQuality "1"]

1. e4 e6 2. d4 d5 3. Nc3 Nf6 4. e5 Nfd7 5. f4 c5 6. Nf3 Nc6 7. Ne2 b5 8. Be3 Qb6 9. dxc5 Bxc5 10. Bxc5 Nxc5 11. Ned4 Nxd4 12. Qxd4 b4 13. Bd3 Bd7 14. a3 b3 15. c3 Bb5 16. Bxb5+ Qxb5 17. 0-0-0 Rc8 18. Rhe1 0-0 19. Re3 Rc7 20. Kb1 a5 21. Qd2 Ne4 22. Qe1 Qc5 23. Nd4 Qe7 24. g4 Rb8 25. Rh3 g6 26. Rdd3 Rc4 27. Rhf3 Rbc8 28. h4 Nc5 29. Rd2 Ne4 30. Rdd3 Nc5 31. Rde3 Ne4 32. h5 gxh5 33. g5 a4 34. Rh3 Rxd4 35. cxd4 Qc7 36. Re2 Qc4 37. Qd1 h4 38. Rxh4 Ng3 39. Reh2 Nf1 40. Re2 Ng3 41. Rf2 Qb5 42. Rh3 Ne4 43. Rfh2 Rc6 44. Rxh7 Nd2+ 45. Rxd2 Kxh7 46. Qh5+ Kg7 47. Rd1 Qc4 48. Qh6+ Kg8 49. Qh1 Qc2+ 50. Ka1 Rc4 51. Qf1 1/2-1/2

[Event "CRO Cup"]
[Site "Mali Losinj"]
[Date "2016.05.08"]
[Round "6.81"]
[White "Rubil, Marko"]
[Black "Jurkovic, Ante"]
[Result "1-0"]
[WhiteElo "2260"]
[BlackElo "2304"]
[PlyCount "101"]
[EventDate "2016.05.04"]
[EventType "team-swiss"]
[EventRounds "6"]
[EventCountry "CRO"]
[SourceTitle "CBM 172 Extra"]
[Source "ChessBase"]
[SourceDate "2016.06.21"]
[SourceVersion "1"]
[SourceVersionDate "2016.06.21"]
[SourceQuality "1"]
[WhiteTeam "Slavonski Brod Djakovic"]
[BlackTeam "Ravna Gora Goranka"]
[WhiteTeamCountry "CRO"]
[BlackTeamCountry "CRO"]

1. e4 e6 2. d4 d5 3. e5 c5 4. c3 Nc6 5. Nf3 Bd7 6. Be2 Nh6 7. Na3 Nf5 8. Nc2 cxd4 9. cxd4 Nb4 10. Ne3 Nh4 11. Nxh4 Qxh4 12. g3 Qd8 13. a3 Nc6 14. b4 b5 15. Bxb5 Nxe5 16. Be2 Nc6 17. b5 Na5 18. Bd2 Be7 19. 0-0 0-0 20. Rb1 Qb6 21. Bd3 Nb7 22. Nc2 Rfc8 23. a4 Qd8 24. Nb4 Na5 25. Na6 Nc4 26. Bb4 Bxb4 27. Rxb4 Qe7 28. Re1 Na5 29. Qd2 Nb7 30. Rb3 g6 31. h4 Kg7 32. Kg2 h6 33. Rb4 Qd6 34. Qb2 Re8 35. Nc5 Bc8 36. f4 Qd8 37. Re5 f6 38. Re1 Nd6 39. h5 g5 40. fxg5 fxg5 41. Bg6 Rf8 42. Rxe6 Rf6 43. Qe2 Ne4 44. Rxf6 Nxf6 45. Qe5 Bg4 46. Rb2 Rb8 47. Bf5 Bxf5 48. Qxf5 Kh8 49. Rf2 Ne4 50. Qe5+ Kg8 51. Qe6+ 1-0

[Event "CRO Cup"]
[Site "Mali Losinj"]
[Date "2016.05.04"]
[Round "1.91"]
[White "Jurkovic, Ante"]
[Black "Zufic, Miroslav"]
[Result "1-0"]
[WhiteElo "2304"]
[BlackElo "2462"]
[PlyCount "99"]
[EventDate "2016.05.04"]
[EventType "team-swiss"]
[EventRounds "6"]
[EventCountry "CRO"]
[SourceTitle "CBM 172 Extra"]
[Source "ChessBase"]
[SourceDate "2016.06.21"]
[SourceVersion "1"]
[SourceVersionDate "2016.06.21"]
[SourceQuality "1"]
[WhiteTeam "Ravna Gora Goranka"]
[BlackTeam "Pula Pula"]
[WhiteTeamCountry "CRO"]
[BlackTeamCountry "CRO"]

1. e4 c5 2. Nf3 d6 3. d4 cxd4 4. Nxd4 Nf6 5. Nc3 a6 6. Be2 e5 7. Nf3 h6 8. Nd2 Be6 9. Nc4 b5 10. Ne3 Nbd7 11. 0-0 Be7 12. f3 Nb6 13. a4 bxa4 14. Kh1 Bd7 15. Bd3 Qc7 16. Qe2 0-0 17. Bd2 Qb7 18. f4 Rfe8 19. fxe5 dxe5 20. Nf5 Bxf5 21. Rxf5 Nbd7 22. Nxa4 Bb4 23. Nc3 a5 24. Raf1 Re6 25. Qf3 Rc8 26. Qg3 Kh7 27. Qh4 a4 28. Qe1 Qa8 29. Nd5 Bxd2 30. Qxd2 Qb7 31. c4 Rb8 32. R5f2 Qa7 33. Bb1 Qc5 34. Qc2 Qa5 35. Qe2 Rc8 36. g4 Qc5 37. Bd3 Kg8 38. Rg2 Rb8 39. g5 hxg5 40. Rxg5 Nh7 41. Rg3 Qd4 42. Qg4 g6 43. Qh4 Ndf6 44. Rxf6 Rxf6 45. Rh3 Kf8 46. Nxf6 Rxb2 47. Nxh7+ Ke8 48. Nf6+ Kd8 49. Nd5+ Kc8 50. Rf3 1-0

[Event "CRO-chT2W"]
[Site "Croatia"]
[Date "2016.03.05"]
[Round "1.1"]
[White "Mandekic, Ivan"]
[Black "Jurkovic, Ante"]
[Result "1-0"]
[WhiteElo "2226"]
[BlackElo "2309"]
[PlyCount "149"]
[EventDate "2016.03.05"]
[EventType "team-tourn"]
[EventRounds "9"]
[EventCountry "CRO"]
[SourceTitle "CBM 171 Extra"]
[Source "ChessBase"]
[SourceDate "2016.04.26"]
[SourceVersion "1"]
[SourceVersionDate "2016.04.26"]
[SourceQuality "1"]
[WhiteTeam "Krk"]
[BlackTeam "Ravna Gora Goranka"]
[WhiteTeamCountry "CRO"]
[BlackTeamCountry "CRO"]

1. c4 e5 2. g3 Nf6 3. Bg2 d5 4. cxd5 Nxd5 5. Nc3 Nb6 6. Nf3 Nc6 7. 0-0 Be7 8. d3 0-0 9. Be3 f5 10. Rc1 Be6 11. a3 Bf6 12. b4 a5 13. b5 Nd4 14. Bxd4 exd4 15. Na4 Re8 16. Nc5 Bd5 17. Re1 Re7 18. a4 Kh8 19. Qd2 Qd6 20. Rc2 c6 21. Rb1 Bxf3 22. Bxf3 Nd5 23. Bxd5 Qxd5 24. bxc6 bxc6 25. Qf4 g6 26. Rb8+ Rxb8 27. Qxb8+ Kg7 28. Qb6 h5 29. h4 Be5 30. Nb3 f4 31. Rxc6 Qf7 32. gxf4 Rb7 33. Qa6 Ra7 34. Qc8 Qxf4 35. Qh3 Rb7 36. Nc5 Rb1+ 37. Kg2 Qg4+ 38. Qxg4 hxg4 39. Ne6+ Kf7 40. Ng5+ Kg7 41. Rc5 Bf6 42. Rxa5 Rb2 43. Ra7+ Kg8 44. Ra6 Kg7 45. Re6 Ra2 46. Kg3 Rxa4 47. Kxg4 Ra5 48. Ne4 Be5 49. f4 Bb8 50. Rb6 Ba7 51. Rb7+ Kf8 52. Ng3 Bc5 53. f5 gxf5+ 54. Nxf5 Ra6 55. h5 Kg8 56. h6 Re6 57. h7+ Kh8 58. Nh4 Rh6 59. Kg5 Rxh7 60. Rxh7+ Kxh7 61. Kf5 Kg7 62. Ke5 Kf7 63. Nf3 Ke7 64. Nxd4 Kd7 65. Nf5 Bg1 66. Kd5 Bf2 67. e4 Bg1 68. e5 Ke8 69. Ke6 Bf2 70. d4 Be1 71. d5 Kd8 72. Nd6 Bh4 73. Nf7+ Kc7 74. d6+ Kc6 75. d7 1-0

[Event "Velika Gorica op 12th"]
[Site "Velika Gorica"]
[Date "2014.08.26"]
[Round "7"]
[White "Rogulj, Branko"]
[Black "Jurkovic, Ante"]
[Result "1-0"]
[WhiteElo "2422"]
[BlackElo "2286"]
[PlyCount "87"]
[EventDate "2014.08.18"]
[EventType "swiss"]
[EventRounds "9"]
[EventCountry "CRO"]
[SourceTitle "EXT 2015"]
[Source "ChessBase"]
[SourceDate "2014.11.20"]
[SourceVersion "1"]
[SourceVersionDate "2014.11.20"]
[SourceQuality "1"]

1. e4 d6 2. d4 Nf6 3. Nc3 e5 4. Nf3 Nbd7 5. Bc4 Be7 6. 0-0 0-0 7. a4 c6 8. Re1 h6 9. h3 Qc7 10. Be3 Re8 11. Nh4 Nf8 12. Qf3 Ne6 13. dxe5 dxe5 14. Nf5 Ng5 15. Qg3 Nh5 16. Qg4 Nf6 17. Qg3 Nh5 18. Nxe7+ Qxe7 19. Bxg5 hxg5 20. Qf3 Nf4 21. Ne2 g6 22. Nxf4 gxf4 23. Red1 Kg7 24. Qc3 Rh8 25. Rd3 g5 26. Qa3 Qxa3 27. Raxa3 f5 28. f3 fxe4 29. fxe4 g4 30. hxg4 Bxg4 31. Rd6 Rae8 32. a5 Re7 33. a6 b5 34. Bf1 Rh6 35. Rad3 Rxd6 36. Rxd6 Rc7 37. c4 bxc4 38. Bxc4 Kf8 39. Rg6 Rg7 40. Rxc6 Bh3 41. Kh2 Bd7 42. Rc7 Be8 43. Rc8 Ke7 44. Ra8 1-0

[Event "Zagreb op"]
[Site "Zagreb"]
[Date "2014.03.19"]
[Round "3"]
[White "Zelcic, Robert"]
[Black "Jurkovic, Ante"]
[Result "1-0"]
[WhiteElo "2559"]
[BlackElo "2312"]
[PlyCount "65"]
[EventDate "2014.03.17"]
[EventType "swiss"]
[EventRounds "9"]
[EventCountry "CRO"]
[SourceTitle "CBM 159 Extra"]
[Source "ChessBase"]
[SourceDate "2014.04.24"]
[SourceVersion "1"]
[SourceVersionDate "2014.04.24"]
[SourceQuality "1"]

1. e4 d6 2. d4 Nf6 3. Nc3 e5 4. Nf3 Nbd7 5. Bc4 Be7 6. 0-0 0-0 7. Re1 c6 8. a4 a5 9. h3 Nb6 10. Bd3 Nfd7 11. Bf1 exd4 12. Nxd4 Nc5 13. Bf4 Ne6 14. Be3 d5 15. Nf5 Bf6 16. exd5 Nxd5 17. Nxd5 Qxd5 18. Qxd5 cxd5 19. c3 Bd7 20. Red1 Bc6 21. Bb5 Rfc8 22. Bb6 Kf8 23. Be2 g6 24. Nd6 Rcb8 25. Nb5 Bd8 26. Be3 Be7 27. Rd2 Rd8 28. Rad1 Bg5 29. Bxg5 Nxg5 30. c4 Rd7 31. cxd5 Rad8 32. dxc6 Rxd2 33. Rxd2 1-0